| LEADER | 01020nam a2200277 u 4500 | ||
|---|---|---|---|
| 001 | 10020740 | ||
| 003 | upatras | ||
| 005 | 20210117205454.0 | ||
| 008 | 990308s1997 gr gre | ||
| 020 | |a 9602103000 | ||
| 040 | |a GR-PaULI |c GR-PaULI | ||
| 041 | 0 | |a gre | |
| 082 | 0 | 4 | |a 889.3 |
| 100 | 1 | |a Μήτσορα, Μαρία |9 79941 | |
| 245 | 1 | 0 | |a Σκόρπια δύναμη |c Μαρία Μήτσορα |
| 260 | |a Αθήνα |b Οδυσσέας |c 1997 | ||
| 300 | |a 164 σ. |c 21 εκ. | ||
| 490 | 0 | |a Σειρήνες | |
| 650 | 4 | |a Νεοελληνική λογοτεχνία |9 320 | |
| 650 | 4 | |a Ελληνικό μυθιστόρημα |9 321 | |
| 760 | 0 | |a Σειρήνες | |
| 852 | |a GR-PaULI |b ΠΑΤΡΑ |b ΦΙΛΟΛΟΓΙΑ |k ΑΣΧΞ |h 889.3 Μ |m 041071 |p 025000004123 |t 1 | ||
| 942 | |2 ddc |c BK15 | ||
| 952 | |0 0 |1 0 |4 0 |6 889_300000000000000_Μ |7 0 |9 180946 |a LTRT |b LTRT |d 2016-04-24 |i 041071 |l 0 |o 889.3 Μ |p 025000004123 |r 2016-04-24 00:00:00 |t 1 |w 2016-04-24 |y BK15 | ||
| 998 | |c ΠΑΝΑΓΟΠΟΥΛΟΥ |d 1999-03 | ||
| 999 | |c 111841 |d 111841 | ||